000 03842nab a2200325 i 4500
003 BR-BrBNA
005 20260311112138.0
008 260311b2018 bl.qr|pooa||| 00| 0 por |
040 _aBR-BrBNA
_bpor
072 _aE16
072 _aK50
100 _aSantos, Diego Weslly Ferreira do Nascimento
100 _aFernandes, Haroldo Carlos
100 _aValente, Domingos Sárvio Magalhães
100 _aLeite, Elton da Silva
245 _aAnálise técnica e econômica de dois subsistemas de colheita de madeira de toras curtas
500 _a Publicação online; 21 ref.; 4 tables; Summaries (En, Pt)
520 _a RESUMO: Objetivou-se com o presente trabalho realizar uma análise técnica e econômica de dois subsistemas de colheita florestal de toras curtas. O subsistema 1 era composto por harvester e forwarder, já o subsistema 2 era formado pelas máquinas feller-buncher, harvester e forwarder. A partir da análise técnica foi determinado o rendimento das máquinas, eficiência operacional e disponibilidade mecânica. A análise econômica baseou-se na determinação do custo operacional, custo de produção e taxa interna de retorno. O subsistema 2 apresentou maior rendimento por hora efetiva de trabalho. Os valores de disponibilidade mecânica e eficiência operacional não foram afetados pela composição do subsistema, sendo os mesmos considerados satisfatórios. O subsistema 2 apresentou maiores valores de custo operacional (US$ 254,02 he-1) e custo de produção (US$ 5,16 m-3). O subsistema 1 demonstrou ser mais eficiente, tanto técnica como economicamente, na colheita de madeira. Já o módulo constituído por feller-buncher, harvester e forwarder apresentou alto rendimento, custo de produção competitivo e alta taxa interna de retorno. Índices que o indicam como alternativa a ser empregada no sistema de colheita florestal de toras curtas. Palavras-chave: custos; desempenho operacional; mecanização floresta
520 _a ABSTRACT: The objective of this study was carry out a technical and economic analysis of two subsystems of forest harvesting of cut to length. The subsystem 1 consisted of harvester and forwarder, since the subsystem 2 was formed by the machines feller-buncher, harvester and forwarder. From the technical analysis it was determined the performance of the machinery, operational efficiency and mechanical availability. The economic analysis was based on the determination of the operating cost, production cost and internal rate of return. The subsystem 2 has a higher yield per effective hour of work. The mechanical values availability and operational efficiency were not affected by the subsystem composition, and the same satisfactory. The subsystem 2 showed the highest values of operating cost (US$ 254.02 he-1) and production cost (US$ 5.16 m-3). The subsystem 1 proved to be more efficient, both technically and economically, in wood harvesting, but the module consists of feller-buncher, harvester and forwarder presented high performance, cost competitive production and high internal rate of return, indices that indicate the same as an alternative to be used in forest harvesting cut to lenght system. Key words: costs; operational performance; forest mechanization
650 _aFLORESTA
650 _aMADEIRA
650 _aMECANIZAÇÃO
650 _aTORA
650 _aANÁLISE ECONÔMICA
650 _aCUSTO OPERACIONAL
773 0 _04656
_9360535
_dRecife-PE Universidade Federal Rural de Pernambuco 2006
_o2026-0919
_tRevista Brasileira de Ciências Agrárias (Brazil)
_x1981-1160
_gv. 13(2) p. 1-6; (2018)
_wBR2025005666
856 _uhttp://www.agraria.pro.br/ojs32/index.php/RBCA/article/view/v13i2a5516/332
942 _cANA
999 _c340352
_d340352